| 000 | 00616nam a22001937a 4500 | ||
|---|---|---|---|
| 005 | 20140409113221.0 | ||
| 010 | _aB-507993-010 | ||
| 020 |
_a9798129107533 _c140.00 |
||
| 035 | _aB-507993-010 | ||
| 037 |
_aUBH/Ven _bdpl |
||
| 082 | _aS | ||
| 100 | _aChaudhry, Minakshi | ||
| 245 |
_aGhost Stories of Shimla Hills/ _cby Minakshi Chaudhry |
||
| 260 |
_aNew Delhi _bRupa Publications _c2012 |
||
| 270 |
_a7/16, Ansari Road, Daryaganj _bNew Delhi _e110002 |
||
| 300 |
_a139p. _c19cm(pbk) |
||
| 942 |
_2ddc _cCH _hS _mCHA |
||
| 999 |
_c83327 _d83327 |
||